000
00242nam a2200097Ia 4500
001
1112737
005
20250827003936.0
008
250824s9999 xx 000 0 und d
245
0
_a
KIPIR KIPIRDAK
_c
JEANNE WİLLİS
260
_b
KETEBE YAYINLARI
999
_c
1112737
_d
1112737